| 000 | 00504nam a22001817a 4500 | ||
|---|---|---|---|
| 003 | BD-ChCU | ||
| 005 | 20251202120649.0 | ||
| 008 | 251202b bg ||||| |||| 00| 0 ben d | ||
| 040 | _cBD-ChCU | ||
| 082 | _a537 STE | ||
| 100 |
_aStarling S.G. _917322 |
||
| 245 |
_aElectricity and magnetism : _bfor degree students , _cS.G. Starling. |
||
| 250 | _a8th ed. | ||
| 260 |
_aLondon : _bEnglish Lan book Society , _cC 1962 |
||
| 300 | _aviii , 650p | ||
| 650 | 0 |
_aElectricity . _917323 |
|
| 942 |
_2ddc _cBK _n0 |
||
| 999 |
_c110049 _d110049 |
||